| 000 | 00760nam a2200217 a 4500 | ||
|---|---|---|---|
| 005 | 20230601063533.0 | ||
| 008 | 991125s1999 mx 000 0 spa u | ||
| 020 | _a9681858255 | ||
| 035 | _aUPN01000012047 | ||
| 049 | _aCG | ||
| 050 | 4 |
_aLB2853 M6 _bA8.3 |
|
| 100 | 1 |
_aAvila, Ana Cristina _928864 |
|
| 245 | 1 | 0 |
_aCreación de la Comisión Nacional de Libros de Texto Gratuitos : _bla perspectiva escolar 1958-1964 / _cAna Cristina Avila, Virgilio Muñoz. |
| 260 |
_aMéxico : _bNoriega, _c1999. |
||
| 300 |
_a217 p. : _bfotos |
||
| 440 | 0 | _aReflexión y análisis | |
| 610 | 1 | 4 |
_aMEXICO. _bCOMISION NACIONAL DE LOS LIBROS DE TEXTO GRATUITOS _99904 |
| 650 | 4 |
_aLibros de texto _zMéxico _915565 |
|
| 700 | 1 |
_aMuñoz, Virgilio, _ecoaut. _929569 |
|
| 905 | _aLibro | ||
| 999 |
_c12047 _d12047 |
||